| 000 | 00600nam a22001817a 4500 | ||
|---|---|---|---|
| 005 | 20160609171016.0 | ||
| 008 | 120406t xxu||||| |||| 00| 0 eng d | ||
| 040 |
_aBUC _bFre. _cBUC |
||
| 041 | _aFre. | ||
| 100 |
_aProvost, Henry _920664 |
||
| 245 |
_aLa Conduite de Projet : _bde la conception à l'exploitation des réalisations industrielles _c/Henry Provost |
||
| 260 |
_aParis _bEd. Technip _c1994 |
||
| 300 |
_a313p. _c24 cm |
||
| 504 | _aGlossaires : p. 259 - 280. ; Annexes : p. 281 - 313 | ||
| 630 |
_aSCIENCES APPLIQUEES _920665 |
||
| 650 |
_920666 _aIndustrie : gestion |
||
| 942 | _cLIVR | ||
| 999 |
_c50037 _d50037 |
||